000
00248nam a2200109Ia 4500
008
240625s9999 xx 000 0 und d
041
_a
eng
100
_a
AIMA
245
_a
CHANGE MANAGEMENT TO CHANGE LEADERSHIP
260
_c
2008
365
_c
RS
_b
15
999
_c
34214
_d
34214